000 00852nas a2200265 4500
001 BR0102435
003 BR-BrBNA
005 20231205103500.0
007 ta
008 230509b bl.|||p| |||| 00| 00por d
040 _aBR-BrBNA
_bpor
_cBiblioteca Nacional de Agricultura
041 _a(Pt)
072 _aL51
100 1 _aBergamaschine, A.F.
100 1 _aValerio Filho, W.V.
100 1 _aDuarte, E.F.
245 1 _aDegradabilidade "in situ" e digestibilidade "in vivo" do resíduo do pré-processamento da soja (Glycine max (L.)Merril)
650 _aSOJA
650 _aRESÍDUO ORGÂNICO
650 _aDIGESTIBILIDADE
650 _aNUTRIÇÃO ANIMAL
773 0 _tCiência e Agrotecnologia (Brazil)
_xISSN 1413-7054
_g(Jul-Sep 1999), v. 23(3) p. 724-732
_wBR0102435
909 _a202311
_bLúcia
_c55
_dLúcia Elande
942 _2AGRIS
_n0
_cANA
999 _c173107
_d173107